REACH for rubber goods and tyres (Record no. 66355)

MARC details
000 -LEADER
fixed length control field 00602nam a2200145Ia 4500
100 ## - MAIN ENTRY--AUTHOR NAME
Personal name Copping Barry
245 #0 - TITLE STATEMENT
Title REACH for rubber goods and tyres
260 ## - PUBLICATION, DISTRIBUTION, ETC. (IMPRINT)
Name of publisher European Rubber Journal
Year of publication 2013
300 ## - PHYSICAL DESCRIPTION
Number of Pages 33
520 ## - SUMMARY, ETC.
Summary, etc The regime aims to promote their safe management, and to progressively replace the most dangerous substances with safer alternatives. REACH came into force on 1 june 2007 and places specific obligations on the tyre and rubber industries and other downstream users.
650 ## - SUBJECT ADDED ENTRY--TOPICAL TERM
Topical Term Rubber goods
650 ## - SUBJECT ADDED ENTRY--TOPICAL TERM
Topical Term Tyre
942 ## - ADDED ENTRY ELEMENTS (KOHA)
Koha item type Journals
Holdings
Withdrawn status Lost status Damaged status Not for loan Home library Current library Shelving location Date acquired Koha item type
      Journals RRII Library RRII Library Rubber technology 16/08/2013 Journals